Statistics for Radioactive elements

Click here to take the quiz!

General Stats

  • This quiz has been taken 58 times
  • The average score is 15 of 38

Answer Stats

#Answer% Correct
92Uranium
95%
94Plutonium
79%
88Radium
67%
86Radon
63%
96Curium
58%
99Einsteinium
56%
93Neptunium
56%
98Californium
49%
84Polonium
49%
87Francium
47%
104Rutherfordium
44%
90Thorium
44%
115Moscovium
42%
118Oganesson
42%
95Americium
40%
117Tennessine
40%
91Protactinium
35%
97Berkelium
33%
83Bismuth
33%
113Nihonium
33%
43Technetium
33%
107Bohrium
30%
101Mendelevium
30%
106Seaborgium
30%
89Actinium
28%
105Dubnium
28%
114Flerovium
28%
116Livermorium
28%
112Copernicium
26%
100Fermium
26%
111Roentgenium
26%
85Astatine
23%
103Lawrencium
23%
102Nobelium
23%
108Hassium
21%
109Meitnerium
21%
110Darmstadtium
19%
61Promethium
19%

Score Distribution

Percentile by Number Answered

Percent of People with Each Score

Your Score History

You have not taken this quiz